perso tft set 11 - Statistiques

Statistiques générales
  • Ce quiz a été pris 45 fois
  • Le résultat moyen est 46 sur 60
Statistiques - réponses
Hint Réponse % Correct
1 cost arcaniste prédestiné ahri
88%
1 cost fantôme sniper caitlyn
88%
1 cost duelliste ombre darius
88%
2 cost tireur fortune teemo
88%
1 cost duelliste prédestiné yasuo
88%
3 cost porcelaine rempart amumu
85%
3 cost sniper prédestiné aphelios
85%
1 cost béhémoth mythique cho'gath
85%
2 cost incantateur seigneur draconique janna
85%
4 cost fantôme faucheur kayn
85%
1 cost béhémoth divin malphite
85%
1 cost bagarreur dryade rek'sai
85%
3 cost faucheur ombre yone
85%
1 cost rempart mythificateur garen
82%
5 cost artiste mythique hwei
82%
2 cost dryade faucheur prédestiné kindred
82%
2 cost arcaniste divin mythique neeko
82%
5 cost amants altruiste seigneur draconique rakan
82%
5 cost prodige divin sage wukong
82%
5 cost amants seigneur draconique tireur xayah
82%
2 cost bagarreur fantôme guerrier d'encre aatrox
79%
1 cost divin faucheur kha'zix
79%
1 cost incantateur sniper mythique kog'maw
79%
5 cost arcaniste porcelaine lissandra
79%
2 cost arcaniste porcelaine lux
79%
4 cost fantôme sage morgana
79%
4 cost béhémoth dryade ornn
79%
2 cost sniper guerrier d'encre senna
79%
5 cost ombre rempart prédestiné sett
79%
1 cost tireur mythificateur sivir
79%
4 cost incantateur fortune annie
76%
4 cost porcelaine sniper ashe
76%
2 cost dryade rempart gnar
76%
3 cost arcaniste fantôme rempart illaoi
76%
5 cost duelliste mythificateur irelia
76%
4 cost tireur guerrier d'encre kai'sa
76%
5 cost gardien des esprits béhémoth guerrier d'encre udyr
76%
3 cost duelliste guerrier d'encre volibear
76%
3 cost sage seigneur draconique diana
73%
4 cost duelliste seigneur draconique lee sin
73%
2 cost altruiste bagarreur mythificateur riven
73%
4 cost arcaniste prédestiné syndra
73%
3 cost bagarreur mythique tahm kench
73%
3 cost duelliste fortune tristana
73%
2 cost béhémoth ombre yorick
73%
3 cost incantateur ombre alune
70%
5 cost dryade incantateur azir
70%
3 cost tireur mythique bard
70%
4 cost bagarreur mythificateur galio
70%
1 cost rempart guerrier d'encre jax
70%
1 cost bagarreur fortune kobuko
67%
4 cost incantateur mythique lillia
67%
4 cost rempart mythique nautilus
67%
2 cost divin duelliste qiyana
67%
3 cost béhémoth prédestiné thresh
67%
3 cost arcaniste fortune mythificateur zoe
67%
2 cost sage mythificateur zyra
67%
3 cost altruiste divin soraka
64%
4 cost bagarreur duelliste sylas
64%
2 cost béhémoth fantôme shen
61%
Aucun quiz correspondant
Distribution des résultats
% des personnes avec chaque résultat
Percentile par nombre de réponses
Votre historique - résultats
Vous n’avez pas pris ce quiz